|
|
|
|
| LEADER |
00681nab a2200181 i 4500 |
| 001 |
acta17724 |
| 005 |
20210615092024.0 |
| 008 |
161015s1969 hu o 0|| hun d |
| 022 |
|
|
|a 0371-3458
|
| 040 |
|
|
|a SZTE Egyetemi Kiadványok Repozitórium
|b hun
|
| 041 |
|
|
|a hun
|
| 100 |
1 |
|
|a Kiss István
|
| 245 |
1 |
0 |
|a Szikes területek alga-tömegprodukciós jelzései a foltos regradáció vízfeltöréses folyamatáról
|h [elektronikus dokumentum] /
|c Kiss István
|
| 260 |
|
|
|c 1969
|
| 300 |
|
|
|a 31-75
|
| 490 |
0 |
|
|a A Szegedi Tanárképző Főiskola tudományos közleményei
|
| 695 |
|
|
|a Biológia
|
| 856 |
4 |
0 |
|u http://acta.bibl.u-szeged.hu/17724/1/tanarkepzo_1969_2_031-075.pdf
|z Dokumentum-elérés
|